| 000 | 00816cam a22002655a 4500 | ||
|---|---|---|---|
| 001 | 017691639 | ||
| 003 | OSt | ||
| 005 | 20161219142325.0 | ||
| 008 | 160101t2016 njua frb 001 0 eng d | ||
| 020 | _z9781118642061 | ||
| 040 |
_aUk _beng _cUk _dEG-ScBUE |
||
| 082 | 0 | 4 |
_a621.3824 _222 _bBAL |
| 100 | 1 |
_aBalanis, Constantine A., _d1938- _98917 |
|
| 245 | 1 | 0 |
_aAntenna theory : _banalysis and design / _cConstantine A. Balanis. |
| 250 | _a4th ed. | ||
| 260 |
_aHoboken : _bJohn Wiley & Sons, _cc.2016. |
||
| 300 |
_axix, 1072 p. : _bill. ; _c24 cm. |
||
| 500 | _aIncludes access to a companion website. | ||
| 500 | _aIndex : p. 1065-1072. | ||
| 504 | _aIncludes bibliographical references. | ||
| 650 | 7 |
_aAntennas (Electronics) _2BUEsh _98918 |
|
| 651 | _2BUEsh | ||
| 653 |
_bENGELC _cNovember2016 |
||
| 942 | _2ddc | ||
| 999 |
_c23065 _d23037 |
||